human resource management of north tonlesap lake forestry administration inspectorate (ការគ្រប់គ្រងធនធានមនុស្សនៅអធិការដ្ឋាន រដ្ឋបាលព្រៃឈើខាងជើងបឹងទន្លេសាប) (Record no. 4329)
[ view plain ]
| 000 -LEADER | |
|---|---|
| fixed length control field | 00652nam a22001577a 4500 |
| 003 - CONTROL NUMBER IDENTIFIER | |
| control field | OSt |
| 005 - DATE AND TIME OF LATEST TRANSACTION | |
| control field | 20151210110155.0 |
| 008 - FIXED-LENGTH DATA ELEMENTS--GENERAL INFORMATION | |
| fixed length control field | 151210b xxu||||| |||| 00| 0 eng d |
| 040 ## - CATALOGING SOURCE | |
| Transcribing agency | RUA |
| 082 ## - DEWEY DECIMAL CLASSIFICATION NUMBER | |
| Classification number | ATM NUO 2004 B204 Or.1 |
| 100 ## - MAIN ENTRY--PERSONAL NAME | |
| 9 (RLIN) | 4646 |
| Personal name | NUON, THEANEA. |
| 245 ## - TITLE STATEMENT | |
| Title | human resource management of north tonlesap lake forestry administration inspectorate (ការគ្រប់គ្រងធនធានមនុស្សនៅអធិការដ្ឋាន រដ្ឋបាលព្រៃឈើខាងជើងបឹងទន្លេសាប) |
| 260 ## - PUBLICATION, DISTRIBUTION, ETC. (IMPRINT) | |
| Place of publication, distribution, etc. | Phnom Penh |
| Name of publisher, distributor, etc. | RUA |
| Date of publication, distribution, etc. | 2004 |
| 300 ## - PHYSICAL DESCRIPTION | |
| Extent | ix, 67p. |
| Other physical details | ill. |
| Dimensions | 29cm. |
| 942 ## - ADDED ENTRY ELEMENTS (KOHA) | |
| Source of classification or shelving scheme | |
| Koha item type | ATM |
| Price effective from | Date last seen | Permanent Location | Not for loan | Date acquired | Source of classification or shelving scheme | Koha item type | Barcode | Lost status | Damaged status | Shelving location | Withdrawn status | Current Location | Full call number |
|---|---|---|---|---|---|---|---|---|---|---|---|---|---|
| 2015-12-10 | 2015-12-10 | Library Block B | 2015-12-10 | ATM | RUA009410 | B204 | Library Block B | ATM NUO 2004 B204 Or.1 | |||||
| 2015-12-10 | 2015-12-10 | Library Block B | 2015-12-10 | ATM | RUA009338 | B204 | Library Block B | ATM NUO 2004 B204 Or.2 | |||||
| 2015-12-10 | 2015-12-10 | Library Block B | 2015-12-10 | ATM | RUA009593 | B204 | Library Block B | ATM NUO 2004 B204 Or.3 | |||||
| 2015-12-10 | 2015-12-10 | Library Block B | 2015-12-10 | ATM | RUA009564 | B204 | Library Block B | ATM NUO 2004 B204 Or.4 | |||||
| 2015-12-10 | 2015-12-10 | Library Block B | 2015-12-10 | ATM | RUA009521 | B204 | Library Block B | ATM NUO 2004 B204 Or.5 | |||||
| 2015-12-10 | 2015-12-10 | Library Block B | 2015-12-10 | ATM | RUA033974 | B204 | Library Block B | ATM NUO 2004 B204 Or.6 | |||||
| 2015-12-10 | 2015-12-10 | Library Block B | 2015-12-10 | ATM | RUA034622 | B204 | Library Block B | ATM NUO 2004 B204 Or.7 | |||||
| 2015-12-10 | 2015-12-10 | Library Block B | 2015-12-10 | ATM | RUA033952 | B204 | Library Block B | ATM NUO 2004 B204 Or.8 | |||||
| 2015-12-10 | 2015-12-10 | Library Block B | 2015-12-10 | ATM | RUA033883 | B204 | Library Block B | ATM NUO 2004 B204 Or.9 | |||||
| 2015-12-10 | 2015-12-10 | Library Block B | 2015-12-10 | ATM | RUA033842 | B204 | Library Block B | ATM NUO 2004 B204 Or.10 | |||||
| 2015-12-14 | 2015-12-14 | Library Block B | 2015-12-14 | ATM | RUA009607 | B204 | Library Block B | ATM NUO 2004 B204 Or.11 | |||||
| 2015-12-14 | 2015-12-14 | Library Block B | 2015-12-14 | ATM | RUA009449 | B204 | Library Block B | ATM NUO 2004 B204 Or.12 |